000 00248 a2200109 4500
001 57424
082 _a363.44 KAS
090 _c35154
_d35154
100 _aShorash Kashmiri
245 _aOs Bazar Main
260 _aLahore
_bAl Faisal Nashran
_c1994
942 _aNUST-CAE
_k363.44 KAS
999 _c292497
_d292497